000 00592cam a22002053a 4500
001 35461
003 PGUSA
005 20140828083750.0
008 110302s2011||||xxu|||||s|||||000 | eng d
040 _aPGUSA
_beng
042 _adc
100 1 _aWells, H. G.
_q(Herbert George),
_d1866-1946
245 1 2 _aA Short History of the World
_h[electronic resource] /
_cH. G. Wells
260 _bProject Gutenberg,
_c2011
506 _aPublic domain in the USA.
516 _aElectronic text
830 0 _aProject Gutenberg
_v35461
856 4 0 _uhttp://www.gutenberg.org/ebooks/35461
942 _cEB
999 _c264716
_d264716